00633nam a22001937a 4500008004100000010001400041020001000055035001300065037001500078040001800093082000800111100004200119245010000161260004200261300002300303500004100326650004500367700002700412090306t xxu||||| |||| 00| p eng d aENG-93130 c95.00 aEN-76663 bDBAD / PUB adplbEnglish  a881 aSrinivasacharya, Darbhasyanam (1961-) aGreen fingers and other poems /cby Darbhasayanam Srinivasacharya; translated by D. Kesava Rao  aHyderabad bTriveni Foundation c2007 a74p. c20cm (pbk)  aIncludes bibliographical references  aTelugu poetryxTranslation into English. aRao, D. Kesava (1937-)